| 000 | 00451cam a2200193ua 4500 | ||
|---|---|---|---|
| 001 | 10114 | ||
| 008 | 170331n ii |||gr||||Z||||||asm | ||
| 040 | _cMAIN | ||
| 041 | _aasm | ||
| 082 | _a341 | ||
| 100 |
_aGogoi, Purandar, _eAuthor. |
||
| 245 |
_aAntarjatik aain _cBy Purandar Gogoi |
||
| 250 | _a8th ed. | ||
| 260 |
_aDibrugarh: _bBanalata, _c2016. |
||
| 300 | _a240p. | ||
| 653 | _aLaw of nations | ||
| 653 | _aInternational law | ||
| 942 | _cBK | ||
| 999 |
_c9113 _d9113 |
||